MDQL
is popping MORE tags! Check the
thread
!
Quizzes
Events
Quiz Creation
Community
Videos
Private Events
Remove Ads
Sign In
Join for FREE
Feedback
Dark Mode
Quiz Categories
Sports
Geography
Music
Movies
Television
Just For Fun
Miscellaneous
History
Literature
Language
Science
Gaming
Entertainment
Religion
Holiday
For Kids
Quiz Lab
Recent
Popular Today
Quiz Kudos Today
Editor Picks
Curator Picks
Quizzes by...
Day
Popularity
Type
Ratings
Length
Year
Community
Subscriptions
Recent Discussions
Orange Saloon
Badges
Playlists
Quests
Create
Leaderboards
Showdown
Live 5
Trivia Bingo
Activity
Puzzle Library
Sporcle Events
Private Events
Virtual Trivia
Globe League
Become a Host
Pub Owners
SporcleCon
Opinionation
Our Games
Videos
Blog
Mobile Apps
Partnerships
Remove Ads and Go Orange
Feedback
Sports
Athletes
MLB
NBA
NHL
NFL
Soccer
Sports Teams
WWE
NCAA
Football
Premier League
Basketball
Baseball
Hockey
Golf
Tennis
Cricket
Rugby
Auto Racing
Olympics
World Cup
Sports
Athletes
MLB
NBA
NHL
NFL
Soccer
Sports Teams
WWE
NCAA
Football
Premier League
Basketball
Baseball
Hockey
Golf
Tennis
Cricket
Rugby
Auto Racing
Olympics
World Cup
Random Quiz
Search Sporcle
×
Quiz Lab
Quiz Lab
Sports
College
Type in answers that appear in a list
Type in answers that appear in a list
Classic
Best Score? Go Orange.
Men's College Cup Winners Stats
Can you name the Men's College Cup winners?
By
xpowerout
8m
54 Questions
92 Plays
92 Plays
92 Plays
Comments
Comments
Give Quiz Kudos
Give Quiz Kudos
-
- Ratings
hide this ad
More Info
Replay
Link that replays current quiz
Next Quiz
Link to next quiz in quiz playlist
You Got
0%
They Got
Avg Score
60%
Avg Friend Score
Upgrade to see
Score Distribution
Jump to the score distribution portion of the page
Score
0/54
Timer
08:00
0
Plays Today
Year
Champion
% Correct
1985
UCLA
91.3%
1990
UCLA
91.3%
1997
UCLA
91.3%
2002
UCLA
91.3%
2001
North Carolina
89.1%
1968
Maryland
84.8%
1982
Indiana
84.8%
1983
Indiana
84.8%
1988
Indiana
84.8%
1998
Indiana
84.8%
1999
Indiana
84.8%
2003
Indiana
84.8%
2004
Indiana
84.8%
2005
Maryland
84.8%
2008
Maryland
84.8%
1989
Virginia
83.7%
1991
Virginia
83.7%
1992
Virginia
83.7%
1993
Virginia
83.7%
1994
Virginia
83.7%
1986
Duke
80.4%
2007
Wake Forest
76.1%
2009
Virginia
66.3%
1967
Michigan St
60.9%
1968
Michigan St
60.9%
1984
Clemson
60.9%
1987
Clemson
60.9%
Year
Champion
% Correct
1959
Saint Louis
52.2%
1960
Saint Louis
52.2%
1962
Saint Louis
52.2%
1963
Saint Louis
52.2%
1965
Saint Louis
52.2%
1967
Saint Louis
52.2%
1969
Saint Louis
52.2%
1970
Saint Louis
52.2%
1972
Saint Louis
52.2%
1973
Saint Louis
52.2%
1981
UConn
52.2%
1995
Wisconsin
52.2%
2000
UConn
52.2%
2006
Cal Santa Barbara
42.4%
1996
St John's
41.3%
1966
San Francisco
34.8%
1975
San Francisco
34.8%
1976
San Francisco
34.8%
1978
San Francisco
34.8%
1980
San Francisco
34.8%
1989
Santa Clara
28.3%
1964
Navy
23.9%
1971
Howard
19.6%
1974
Howard
19.6%
1977
Hartwick
16.3%
1961
West Chester
15.2%
1979
SIU-Edwardsville
14.1%
Quiz Playlist
Details
Report
Send in Message
Add To Playlist
More Info:
Ties are listed as having two winners each year. [Edited to include 2009 College Cup!]
Classic:
Type in answers that appear in a list
Quiz Source
Last Updated: Feb 16, 2017
Quiz Scoreboard
CHALLENGE
Sign Up to Join the Scoreboard
Show All
Scores
Hide
Comments
May contain spoilers
Recently Published
Colored Red Africa Blitz
by spor1
Geography
30s
Find the 'City' Movie
by crazypaving
Movies
60s
5x2 Blitz: Bands
by SL_Kpop136
Music
30s
More to Explore
Quiz From the Vault
Featured Blog Post
14 Easter Pick-up Lines to Find Eggs With
hide this ad
You Might Also Like...
Tags
College Quiz
champion
cup
men
note
Winner
Today's Top Quizzes in Sports
Browse Sports
hide this ad
Today's Top Quizzes in College
Browse College
Top Contributed Quizzes in Sports
1
Les meilleurs buteurs des matchs entre le PSG et l’OM
2
Les entraîneurs de l'OM et du PSG au 21e siècle
3
Les joueurs passés par le PSG et l'OM
4
2022 World Cup Stars
5
Players with Multiple 50 Home Run Seasons
6
Criteria MLB: Left Handed Sluggers
7
MLB Players with Two .350 Batting Average Seasons
8
Les joueurs passés par le LOSC et le RC Lens
9
NBA Logic Puzzle 2.0
10
Top 10 NHL Goal Scorers of All Time
Explore More
Trending Topics
NBA
Harry Potter
Marvel
Kpop
Crossword
Anime
Disney
NFL
Country
Pokémon
Puzzle
WWE
The Office
Song
Soccer
hide this ad
More By:
xpowerout
Quiz
Plays
Rating
Category
Featured
Created
Scott Pilgrim Characters
845
2.67
Miscellaneous
Dec 14, 2009
Yards Per Rush 2009
151
2.33
Sports
Feb 11, 2010
Reggie Sanders' Career
100
5.00
Sports
Mar 23, 2010
Men's College Cup Winners
92
Sports
Dec 13, 2009
2009 Maryland Men's Soccer Roster
52
Sports
Dec 13, 2009
Go to Creator's Profile
Score Distribution
Quiz Creator Spotlight
xpowerout
Follow
Send a Message
Quizzes Created
-
Created Quiz Play Count
-
More By This Creator
Popular Quizzes Today
1
Colored Red Africa Blitz
2
Find the US States - No Outlines Minefield
3
Find the 'City' Movie
4
5x2 Blitz: Bands
5
The Countries of the World
6
Find the US States
7
Find the Countries of Europe - No Outlines Minefield
8
US States
More Sports Quizzes
ROTY and HOF (MLB)
Published
Trending Quizzes
Colored Red Europe Blitz I
Colored Red Europe Blitz II
Colored Red Africa Blitz II
Colored Red Europe Blitz III
Colored Red Africa Blitz III
Recently Updated
How Do You Spell That?
pecheneg
Godzilla Movies
pecheneg
Grab Bag: 4-10 Letters
pecheneg
2024 March Madness Bracket
pecheneg
Famous TV Couples
Peacemaker
Champions League XIs: Real Madrid
pecheneg
Largest US Cities 1790-2010
pecheneg
Rides in Walt Disney World
pecheneg
Most Oscar Losses (Acting)
pecheneg
Beyoncé Albums
pecheneg
Trending Topics
Anime
NBA
Crossword
Harry Potter
Marvel
Disney
Kpop
The Office
Song
Soccer
WWE
NFL
Pokémon
Puzzle
Country
Your Account Isn't Verified!
In order to create a playlist on Sporcle, you need to verify the email address you used during registration. Go to your
Sporcle Settings
to finish the process.
Report this User
Report this user for behavior that violates our
Community Guidelines
.
Details:
Send Report
Go to the Sporcle.com Mobile Site →
Comments